书目信息 |
| 题名: |
新视野大学英语
|
|
| 作者: | 薛荣 主编 | |
| 分册: | 3 导读与练习 | |
| 出版信息: | 北京 外语教学与研究出版社 2007.08 |
|
| 页数: | 404页 | |
| 开本: | 20cm | |
| 丛书名: | ||
| 单 册: | ||
| 中图分类: | H31 | |
| 科图分类: | ||
| 主题词: | 英语 | |
| 电子资源: | ||
| ISBN: | 978-7-5600-4000-4 | |
| 000 | 00710nam0 2200241 45 | |
| 001 | 0938326588 | |
| 005 | 20091109161750.31 | |
| 010 | @a978-7-5600-4000-4@dCNY30.00 | |
| 100 | @a20090515d2007 ekmy0 y0120 ea | |
| 102 | @aCN@b130000 | |
| 102 | @aCN@b110000 | |
| 105 | @ay z 000yy | |
| 200 | 1 | @a新视野大学英语@Axin shi ye da xue ying yu@e读写教程@h3@i导读与练习@f薛荣主编@Fxue rong zhu bian |
| 210 | @a北京@c外语教学与研究出版社@d2007.08 | |
| 215 | @a404页@d20cm | |
| 517 | 1 | @a导读与练习@Adao du yu lian xi |
| 517 | 1 | @a读写教程@Adu xie jiao cheng |
| 606 | 0 | @a英语 |
| 690 | @aH31@v4 | |
| 701 | 0 | @a薛荣@Axue rong@4主编 |
| 801 | 0 | @aCN@c20091109 |
| 905 | @a10447@dH31@eX956 | |
| 906 | @d30@n1@r1 | |
| 新视野大学英语:读写教程.3.导读与练习/薛荣主编.-北京:外语教学与研究出版社,2007.08 |
| 404页;20cm |
| ISBN 978-7-5600-4000-4:CNY30.00 |
| ● |
| 相关链接 |
|
|
|
正题名:新视野大学英语
索取号:H31/X956
 
预约/预借
| 序号 | 登录号 | 条形码 | 馆藏地/架位号 | 状态 | 备注 |
| 1 | 897158 | 208971585 | 语言库209/209语言库 88排4列4层/ [索取号:H31/X956] | 在馆 |